|
|
|
|
| LEADER |
00000nam a22000007a 4500 |
| 005 |
20210503222748.0 |
| 007 |
cr|||| |||| |
| 008 |
210503s2017 co |||||s|||| 00||0 spa d |
| 020 |
|
|
|a 978-958-665-476-0
|
| 035 |
|
|
|a 33232
|
| 040 |
|
|
|a vLex
|
| 090 |
|
|
|c 11594
|d 11594
|
| 100 |
1 |
|
|a Sǹchez Meertens, Ariel
|
| 245 |
1 |
3 |
|a Los saberes de la guerra
|h [Recurso electrn̤ico] :
|b Memoria y conocimiento intergeneracional del conflicto en Colombia /
|c Ariel Sǹchez Meertens
|
| 256 |
|
|
|a Servicio en ln̕ea
|
| 260 |
|
|
|a Bogot:̀
|b Siglo del Hombre Editores,
|c 2017
|
| 300 |
|
|
|a 1 recurso electrn̤ico
|
| 500 |
|
|
|a Uno de los 1492 estudiantes consultados para este libro, en diferentes rincones de Colombia, respondi ̤que la historia del conflicto armado debe ser enseąda porque -no podemos escapar de nuestra realidad-. Adems̀ de abordar la polt̕ica educativa frente a la historia de la guerra, explorar los modos en que es representada en los textos escolares, proponer nuevas aproximaciones ter̤icas sobre la transmisin̤ de conocimiento y sugerir transformaciones pedagg̤icas concretas, este libro tambiň se ocupa de las experiencias de los docentes y, sobre todo, de los saberes, las visiones y las expectativas de sus alumnos, esa generacin̤ sobre la cual reposa la esperanza de una paz profunda y duradera.
|
| 506 |
1 |
|
|a Disponible solo en los productos indicados
|d vLex Global
|d vLex Global (Academic Edition, excluding Law Schools)
|d vLex Global (U.S. Academic Edition, Law Schools)
|d vLex Global (U.S. Academic Edition, excluding Law Schools)
|d vLex Global (Academic Edition, Law Schools)
|
| 650 |
0 |
4 |
|a Educacin̤
|z Colombia
|
| 740 |
0 |
|
|a vLex Libros (Servicio en ln̕ea)
|
| 856 |
4 |
0 |
|u https://vlex.com/source/saberes-de-la-guerra-memoria-y-conocimiento-intergeneracional-del-conflicto-en-colombia-33232
|z Acceso restringido
|
| 942 |
|
|
|c BOOK
|
| 999 |
0 |
|
|a Education
|